ARRUPE JESUIT UNIVERSITY

CORONAVIRUS -STOP THE SPREAD - CLEAN,DISINFECT,COVER

The arms dynamic in the world politics (Record no. 131006)

MARC details
000 -LEADER
fixed length control field 00535nam a22001577a 4500
008 - FIXED-LENGTH DATA ELEMENTS--GENERAL INFORMATION
fixed length control field 211027b ||||| |||| 00| 0 eng d
020 ## - INTERNATIONAL STANDARD BOOK NUMBER
International Standard Book Number 1555875963
050 ## - LIBRARY OF CONGRESS CALL NUMBER
Classification number D860.B89 1998
100 ## - MAIN ENTRY--PERSONAL NAME
Personal name Buzan, Barry and Herring, Eric
9 (RLIN) 50742
245 ## - TITLE STATEMENT
Title The arms dynamic in the world politics
Statement of responsibility, etc /by Barry Buzan and Eric Herring
260 ## - PUBLICATION, DISTRIBUTION, ETC. (IMPRINT)
Place of publication, distribution, etc Boulder:
Name of publisher, distributor, etc Lynne Rienner Publishers,
Date of publication, distribution, etc 1998.
300 ## - PHYSICAL DESCRIPTION
Extent xiii, 325p.;
Dimensions 23cm.
650 ## - SUBJECT ADDED ENTRY--TOPICAL TERM
Topical term or geographic name as entry element World politics
9 (RLIN) 50743
Chronological subdivision 1989-
650 ## - SUBJECT ADDED ENTRY--TOPICAL TERM
Topical term or geographic name as entry element Armaments
General subdivision Political aspects
9 (RLIN) 50744
942 ## - ADDED ENTRY ELEMENTS (KOHA)
Source of classification or shelving scheme Library of Congress Classification
Item type Monograph ( Printed materials)
Holdings
Withdrawn status Lost status Source of classification or shelving scheme Damaged status Not for loan Collection code Home library Current library Shelving location Date acquired Total Checkouts Full call number Barcode Date last seen Copy number Price effective from Koha item type
    Library of Congress Classification     Main Collection ARRUPE LIBRARY ARRUPE LIBRARY Main Collection 27/10/2021   D860.B89 1998 46600007738 27/10/2021 1 27/10/2021 Monograph ( Printed materials)

 

Arrupe Library. PO Box MP320 Mt Pleasant, Harare, Zimbabwe
263 242 745411|librarian@aju.ac.zw